00386nam a2200157Ia 45000010006000000050017000060080041000230410008000640820021000721000027000932450055001202600009001753000028001846500008002126540008002201874120260306171653.0260306s9999||||xx |||||||||||||| ||und|| aESP a658.5bC321 2016 aCasanovas, AugusteAUT 0aLogística integral:blean supply chai management c2016 a215 páginas :c23 cm. aGEN aCAN